Arrendamiento "aestimatio" y compraventa en Gayo, III, 146.

Uloženo v:
Podrobná bibliografie
Hlavní autor: Gómez-Carbajo de Viedma, Fernando (autor)
Médium: Kniha
Vydáno: Madrid, España: Abaco Ediciones, 1984.
Témata:
Tagy: Přidat tag
Žádné tagy, Buďte první, kdo vytvoří štítek k tomuto záznamu!

MARC

LEADER 00000nam a22000007a 4500
003 CL-VaPUC
005 20220822114652.0
008 220719t1984 ||||| |||| 00| 0 eng d
999 |c 437288  |d 437286 
020 |a 84-85226-26-7 
040 |c Pontificia Universidad Católica de Valparaíso 
082 7 |2 22  |a 340.54 GOM 1984 
100 1 |a Gómez-Carbajo de Viedma, Fernando  |e autor  |9 873395 
245 |a Arrendamiento "aestimatio" y compraventa en Gayo, III, 146. 
260 |a Madrid, España:   |b Abaco Ediciones,   |c 1984. 
300 |a 315 páginas.  
500 |a c.1. Donación Familia Prof. Alejandro Guzmán Brito. 
583 |c 20220719  |k Cristina María Rojas Aguilar 
600 |a  Gaius,  |d  ca. 110-ca.  |t 180 Institutiones Libro 3, 146  |9 873701 
650 |a Derecho romano  |9 873702 
942 |2 ddc  |c BK  |n 0 
952 |0 0  |1 0  |2 ddc  |4 0  |6 340_540000000000000_GOM_1984  |7 0  |8 C_AGB  |9 585046  |a BIBDER  |b BIBDER  |d 2022-07-19  |e Donación   |i 5653091  |o 340.54 GOM 1984  |p 5653091  |r 2023-01-25  |t 1  |w 2022-07-19  |y BK_US  |k AGB